000 01401cam a22002894a 4500
001 15850417
003 OSt
005 20221101110910.0
008 090804s2010 ilu b 001 0 eng
010 _a 2009030370
020 _a1844743032
035 _a(OCoLC)ocn401153137
040 _aDLC
_cDLC
_dBTCTA
_dTXA
_dDLC
042 _apcc
050 0 0 _aBV4599.5
_b.C44 2008
100 1 _aChester, Tim.
245 1 0 _aYou can change :
_bGod's transforming power for our sinful behavior and negative emotions /
_cTim Chester.
260 _aEngland
_bIVP
_c2008
300 _a204 p. ;
504 _aIncludes bibliographical references (p. 181-186) and scripture index.
505 0 _aWhat would you like to change? -- Why would you like to change? -- How are you going to change? -- When do you struggle? -- What truths do you need to turn to? -- What desires do you need to turn from? -- What stops you from changing? -- What strategies will reinforce your faith and repentance? -- How can we support one another in changing? -- Are you ready for a lifetime of daily change?
650 0 _aChristian life.
650 0 _aChange (Psychology)
_xReligious aspects
_xChristianity.
906 _a7
_bcbc
_corignew
_d1
_eecip
_f20
_gy-gencatlg
942 _2lcc
_cBK
999 _c19754
_d19753